Makó román megszállása, 1919. június 17. - 1920. március 29.
Elmentve itt :
| Szerző: | |
|---|---|
| Dokumentumtípus: | Könyv része |
| Megjelent: |
2021
|
| Sorozat: | Közép-európai Monográfiák
28 Lokális Trianon 1. : Csongrád, Csanád és Torontál vármegye az összeomlás éveiben 1918–1920 28 |
| Kulcsszavak: | Megszállás - román - Makó - 1919-1920, Várostörténet - Makó - 1919-1920, Makó története - 1919-1920 |
| Tárgyszavak: | |
| Online Access: | http://acta.bibl.u-szeged.hu/72968 |
| LEADER | 00965naa a2200229 i 4500 | ||
|---|---|---|---|
| 001 | acta72968 | ||
| 005 | 20220106123254.0 | ||
| 008 | 210713s2021 hu o 0|| hun d | ||
| 020 | |a 978-615-81261-5-1 | ||
| 022 | |a 2062-3712 | ||
| 040 | |a SZTE Egyetemi Kiadványok Repozitórium |b hun | ||
| 041 | |a hun | ||
| 100 | 1 | |a Halmágyi Pál | |
| 245 | 1 | 0 | |a Makó román megszállása, 1919. június 17. - 1920. március 29. |h [elektronikus dokumentum] / |c Halmágyi Pál |
| 260 | |c 2021 | ||
| 300 | |a 67-79 | ||
| 490 | 0 | |a Közép-európai Monográfiák |v 28 | |
| 490 | 0 | |a Lokális Trianon 1. : Csongrád, Csanád és Torontál vármegye az összeomlás éveiben 1918–1920 |v 28 | |
| 650 | 4 | |a Bölcsészettudományok | |
| 650 | 4 | |a Történettudomány és régészet | |
| 695 | |a Megszállás - román - Makó - 1919-1920, Várostörténet - Makó - 1919-1920, Makó története - 1919-1920 | ||
| 856 | 4 | 0 | |u http://acta.bibl.u-szeged.hu/72968/1/kek_mono_028_067-079.pdf |z Dokumentum-elérés |